Normal view
MARC view
Entry Personal Name
001 - CONTROL NUMBER
- control field: 49441
003 - CONTROL NUMBER IDENTIFIER
- control field: OSt
005 - DATE AND TIME OF LATEST TRANSACTION
- control field: 20241211114702.0
008 - FIXED-LENGTH DATA ELEMENTS
- fixed length control field: 241211|| aca||aabn | a|a d
040 ## - CATALOGING SOURCE
- Original cataloging agency: OSt
- Transcribing agency: OSt
100 ## - HEADING--PERSONAL NAME
- Personal name: Merdan Seker, Shearmur, Richard and Beaudet, Gérard
670 ## - SOURCE DATA FOUND
- Source citation: Work cat.: (OSt): Merdan Seker, Shearmur, Richard and Beaudet, Gérard , Defying stereotypes, populism, and neoliberal discourse: Municipal agility and innovation during COVID
